| 000 | 00788nab a2200205 i 4500 | ||
|---|---|---|---|
| 001 | 768714001 | ||
| 003 | CO-MdFUSB | ||
| 005 | 20230531110600.0 | ||
| 008 | 230531s1987 us ||||| |||| 00| 0 eng d | ||
| 040 |
_bspa _aCO-MdFUSB _cCO-MdFUSB _dCO-MdFUSB |
||
| 041 | _aeng | ||
| 100 |
_aGalli, Mark _eautor |
||
| 245 | 4 |
_aThe fair-to-middling preacher _c/ Mark J. Galli |
|
| 300 |
_aVolumen 8, número 3 (Summer 1987), páginas 124 - 129 _c; 27 cm. |
||
| 520 | _aLos predicadores ordinarios pueden no deslumbrar, pero la mayoría puede aprender a ser bastante bueno. | ||
| 546 | _aTexto en Inglés | ||
| 650 | 0 |
_954 _aPredicación |
|
| 773 | 0 |
_068780 _981986 _oR2474 _tLeadership : _w(CO-MdFUSB)768714001 _gVolumen 8, número 3 (Summer 1987), páginas 124 - 129 _qpágina 124 |
|
| 942 | _cANA | ||
| 999 |
_c68916 _d68916 |
||